252 Quốc gia và vùng lãnh thổ trên Thế giới

Gespeichert in:
Bibliographische Detailangaben
Format: Buch
Veröffentlicht: 2010
Tags: Tag hinzufügen
Keine Tags, Fügen Sie den ersten Tag hinzu!
Thư viện lưu trữ: Mạng thư viện Đại học Đà Nẵng
LEADER 00469nam a22001811a 4500
001 000039420
003 15715
005 20160412022003.0
008 160412s2010 000
082 |a 4V(TK)1476 
245 |a 252 Quốc gia và vùng lãnh thổ trên Thế giới  |c Mai Lý Quảng Cb 
260 |c 2010 
OWN |a LNN 
999 |a From the UDN01 
TYP |a Monograph 
980 |a Mạng thư viện Đại học Đà Nẵng